| 000 | 00530nam a22001697a 4500 | ||
|---|---|---|---|
| 999 |
_c9275 _d9275 |
||
| 008 | 210401b ||||| |||| 00| 0 eng d | ||
| 040 | _aBMS College of Architecture | ||
| 100 | _aJindal, Rochan | ||
| 245 | _aHotel (Conforming to the standards of Five star hotel) | ||
| 300 | _a90p. | ||
| 500 | _a1BM00AT025 | ||
| 502 |
_8B.Arch _NBMS College of Architecture, Visvesvaraya Technological University _aProject report _d2005 |
||
| 650 | _aHotel | ||
| 700 |
_aSridhar Rajan _eGuide |
||
| 700 |
_aManjula K _eGuide |
||
| 942 |
_2ddc _cTHE |
||